| 000 | 01032nam0a2200301 4500 | ||
|---|---|---|---|
| 001 | rc\4009494 | ||
| 005 | 20260407062724.0 | ||
| 021 |
_aRU _b[54-30949] |
||
| 035 | _a(NLR Aleph) 007945935 | ||
| 090 |
_a8308559 _c8308559 |
||
| 100 | _a20130415d1953 |||y0rusy50 ca | ||
| 101 | 0 |
_arus _auzb |
|
| 102 | _aRU | ||
| 105 | _ay e |||a| | ||
| 200 | 1 |
_aСтихи _e[С рус.-узб. словарем] _fДжамбул |
|
| 210 |
_aТашкент _cУчпедгиз УзССР _d1953 |
||
| 215 |
_a110,[2] с. _d20 |
||
| 225 | 1 |
_a[Библиотека для узбекских школ _eдля средней школы] |
|
| 300 | _aЧасть текста узбек. | ||
| 686 | 1 | _aШ9(2)672=Уз(Каз)-5 | |
| 700 | 0 |
_4070 _8rus _7ca _aДжамбул Джабаев _f1846-1945 _3RU\NLR\AUTH\7712905 _9122614 |
|
| 801 | 0 |
_aRU _bNLR _gpsbo |
|
| 801 | 1 |
_aRU _bELAR _2rusmarc |
|
| 852 |
_aNLR _bОНЛ _jУзбек./2-5483 |
||
| 852 |
_aNLR _bОНЛ _jУзбек./2-5483 |
||
| 942 | _cBOOK | ||
| 980 | _aNB | ||